[Event "HUN-ch U8-U18 2019"]
[Site "Balatonlelle"]
[Date "2019.06.26"]
[Round "7.6"]
[White "Ongut, Tamas Gunes"]
[Black "Virag, Balint"]
[Result "1-0"]
[WhiteElo "2120"]
[BlackElo "2173"]
[Annotator "TA"]
[PlyCount "73"]
[EventDate "2019.06.21"]
[EventType "swiss"]
[EventCountry "HUN"]
[SourceTitle "playchess.com"]
[Source "ChessBase"]
[SourceQuality "1"]

{[%evp 11,73,0,12,5,9,4,8,12,42,43,72,62,73,76,80,52,59,0,31,30,64,65,77,75,71,30,27,0,4,0,12,-7,20,-8,4,6,71,55,108,51,446,433,437,229,314,318,305,275,703,688,812,807,1125,1092,1046,997,29972,29965,29988,29989,29994,29995,29996,400]} 1. c4 e6 2. Nf3 d5 3. e3 Nf6 4. b3 Be7 5. Bb2 O-O 6. Nc3 b6 7. cxd5 {A13: English Opening: 1...e6} exd5 8. d4 Ne4 $146 ({Predecessor:} 8... Bb7 9. Bd3 c5 10. O-O Nc6 11. Na4 Ne4 12. dxc5 bxc5 13. Ne5 Bd6 14. Bxe4 dxe4 15. Nc4 Be7 16. Qg4 g6 17. Qxe4 Qc7 18. Nc3 Nb4 {0-1 (50) Duda,J (2738)-Bacrot,E (2684) chess.com INT 2019}) 9. Bd3 {The position is equal.} Bf5 10. Qc2 Bb4 11. O-O {[%cal Rc3e4]} Bxc3 12. Bxc3 Nd7 13. Bb2 Rc8 14. h3 ({Better is} 14. Rac1 $14) 14... Qf6 15. Qe2 Ng5 16. Bxf5 Qxf5 17. Nxg5 Qxg5 18. Ba3 Rfe8 19. Rac1 Re6 20. Rc2 h5 21. Qd3 h4 22. f4 Qh5 23. f5 Re4 (23... Ree8 $11 {remains equal.}) 24. Qa6 $36 {[%mdl 2048] White fights for an advantage.} Rce8 {[#]} (24... Ree8 $14) 25. Rxc7 ({Reject} 25. Qxa7 $6 Rxe3 26. Qxc7 (26. Rxc7 $2 Re2 $19) 26... Nf6 $11) (25. Bc1 $1 $16) 25... Nb8 $2 {[%mdl 8192]} (25... Nf6 $14) 26. Qb7 $18 Rxe3 27. Qxd5 (27. Rc8 $142) 27... Re1 28. Rxe1 Rxe1+ 29. Kh2 Nc6 $2 (29... Kh7 30. Bb4 (30. Rxa7 {is a self mate.} Qd1 31. g3 Re2+ {[%mdl 64] Double Attack} 32. Qg2 Rxg2+ 33. Kxg2 Qe2+ {[%mdl 64] Double Attack} 34. Kg1 hxg3 35. Rxf7 Qh2+ {[%mdl 64] Double Attack} 36. Kf1 Qf2#) 30... Qg5 31. Bxe1 Qf4+ 32. Kg1 Qxc7) 30. Rxc6 Qg5 {[%csl Gh4][%cal Rg5g3]} 31. Qf3 ({Don't go for} 31. Qd6 $2 {[#]} Re2 $1 $19 {[%mdl 512]}) 31... Re3 32. Rc8+ Kh7 33. Qg4 Qh6 {[#]} 34. f6 $1 {White mates.} Rg3 (34... gxf6 35. Qg8#) 35. Qe4+ g6 36. Bc1 Qh5 {[#]} 37. Rh8+ $1 {[%mdl 576] Skewer, Decoy. Accuracy: White = 47%, Black = 21%.} 1-0

[Event "HUN-ch U8-U18 2019"]
[Site "Balatonlelle"]
[Date "2019.06.26"]
[Round "7.7"]
[White "Borhy, Marcell"]
[Black "Pater, Peter"]
[Result "1/2-1/2"]
[WhiteElo "2374"]
[BlackElo "1901"]
[Annotator "TA"]
[PlyCount "99"]
[EventDate "2019.06.21"]
[EventType "swiss"]
[EventCountry "HUN"]
[SourceTitle "playchess.com"]
[Source "ChessBase"]
[SourceQuality "1"]

{[%evp 23,99,6,34,7,66,58,66,60,116,114,145,113,143,141,141,123,135,112,165,111,154,0,0,0,0,0,0,-39,-34,-39,0,-15,42,9,11,14,63,56,133,138,130,139,106,62,100,94,204,80,78,80,152,118,108,93,46,-25,81,78,87,66,59,37,118,116,116,116,116,116,106,41,53,10,8,8,8,8,10,10]} 1. d4 Nf6 2. Nf3 g6 3. g3 Bg7 4. Bg2 d6 5. c4 O-O 6. O-O Nbd7 7. Nc3 e5 8. e4 Re8 9. h3 exd4 10. Nxd4 Nc5 11. Re1 a5 12. Ndb5 Bd7 13. Qc2 {E68: King's Indian: Fianchetto: 6...Nbd7 7 0-0 e5 8 e4} (13. Bf4 Qc8 14. Nxc7 Qxc7 15. Bxd6 Qc8 16. e5 Nh5 17. Bxc5 Nxg3 18. Bd6 Nh5 19. Nd5 Bxh3 20. Nb6 Qf5 21. Bxh3 Qxh3 {1-0 (34) Mikhalevski,V (2538)-Harikrishna,P (2745) Caleta 2018}) 13... Bc6 (13... Be6 $11) 14. Bf4 Nfd7 15. Rad1 {White is slightly better.} h6 (15... Bxb5 $14 16. cxb5 Rc8) 16. Be3 $16 b6 $146 ({Predecessor:} 16... Re7 17. f4 Na6 18. a3 Qf8 19. Bf2 Rae8 20. Nd5 Bxd5 21. cxd5 {1-0 (29) Kalinitschew,S (2520)-Schultz,A Hermannen 1997}) 17. Nd5 Bxd5 18. cxd5 Nf6 19. Bd4 Qd7 20. Nc3 Re7 (20... Rab8 $16) 21. Bf1 (21. e5 $18 Qe8 22. Re2) 21... Rae8 {[%cal Rc5e4]} 22. Bb5 $2 ({White should try} 22. f3 $16) 22... Qxh3 $11 23. Bxe8 Rxe8 24. Bxf6 Bxf6 25. Nb5 Re5 {[%mdl 1024] Threatens to win with ...Rh5. Black has compensation.} 26. Qc3 Rh5 {[%csl Gh5][%cal Rh3h1]} 27. Qf3 Be5 ({Better is} 27... Bxb2 $11 28. Nd4 Bxd4 29. Rxd4 Qh2+ 30. Kf1 Re5) 28. Qg2 {Hoping for Qxh3.} ({Weaker is} 28. Nxc7 Qd7 $17) 28... Qd7 29. Nd4 Bxd4 (29... Qa4 $5 {[%cal Re5d4]} 30. Nf3 Qxa2 $16) 30. Rxd4 Qb5 (30... Rg5 $14) 31. f4 $16 Qe8 32. g4 Rh4 33. Qg3 g5 34. e5 $1 Qd7 (34... Qd8 $16 {keeps fighting.}) 35. f5 (35. fxg5 $1 $18 {is the precise move to win.} hxg5 36. Qf3) 35... dxe5 36. Qxe5 {Black must now prevent Qf6.} Qd6 (36... Nb7 $142) 37. Qxd6 cxd6 {[%mdl 4096] Endgame KRR-KRN} 38. Kg2 h5 39. Kg3 (39. Rh1 $14 Rxh1 40. Kxh1) 39... Kf8 {[#]} (39... Kg7 $11 {remains equal.}) 40. f6 $1 Nd7 41. Rf1 Ne5 {[%cal Rh5g4]} 42. Rf5 Nxg4 {[#]} ({Black should play} 42... hxg4 $14 43. Rxg5 Rh6) 43. Rc4 $1 {[%cal Rc4c8][%mdl 512]} Nxf6 44. Rxh4 gxh4+ 45. Kxh4 {KR-KN} Kg7 {[#]} 46. Rf2 (46. Rg5+ $1 $16 Kh6 47. Rg3) 46... Kg6 $14 47. Rg2+ Kf5 {The position is equal.} 48. Rg7 Nxd5 49. Rxf7+ Ke5 50. Kxh5 {Accuracy: White = 45%, Black = 27%.} 1/2-1/2

[Event "HUN-ch U8-U18 2019"]
[Site "Balatonlelle"]
[Date "2019.06.26"]
[Round "7.7"]
[White "Szilagyi, Norbert"]
[Black "Dibusz, Domonkos"]
[Result "1/2-1/2"]
[WhiteElo "2093"]
[BlackElo "2067"]
[Annotator "NA RC"]
[PlyCount "81"]
[EventDate "2019.06.21"]
[EventType "swiss"]
[EventCountry "HUN"]
[SourceTitle "playchess.com"]
[Source "ChessBase"]
[SourceQuality "1"]
[TimeControl "40/5400+30:1800+30"]

1. e4 {[%emt 0:00:03]} e5 {[%emt 0:00:19]} 2. Nf3 {[%emt 0:00:07]} Nc6 {[%emt 0:00:45]} 3. Bc4 {[%emt 0:00:09]} Bc5 {[%emt 0:00:16]} 4. b4 {[%emt 0:00:05]} Bxb4 {[%emt 0:01:52]} 5. c3 {[%emt 0:00:06]} Ba5 {[%emt 0:02:40]} 6. d4 {[%emt 0:00:11]} d6 {[%emt 0:06:39]} 7. Qb3 {[%emt 0:04:00]} Qd7 {[%emt 0:07:50]} 8. dxe5 {[%emt 0:11:52]} Bb6 {[%emt 0:03:24]} 9. Qc2 {[%emt 0:25:12]} Nxe5 {[%emt 0:06:25]} 10. Nxe5 {[%emt 0:03:17]} dxe5 {[%emt 0:00:03]} 11. Qb3 {[%emt 0:01:49]} Nf6 {[%emt 0:04:48]} 12. Nd2 {[%emt 0:12:57]} O-O {[%emt 0:04:12]} 13. O-O {[%emt 0:00:42]} Qe7 {[%emt 0:01:38]} 14. Bb2 {[%emt 0:15:51]} Bd7 {[%emt 0:04:36]} 15. Rae1 {[%emt 0:00:52]} Bc6 {[%emt 0:01:32]} 16. Bd5 {[%emt 0:02:38]} Rad8 {[%emt 0:15:27]} 17. c4 {[%emt 0:11:42]} Nd7 {[%emt 0:02:01]} 18. Qg3 {[%emt 0:04:28]} Ba5 {[%emt 0:03:59]} 19. Re2 {[%emt 0:01:43]} Bxd2 {[%emt 0:06:47]} 20. Rxd2 Bxd5 {[%emt 0:01:06]} 21. exd5 {[%emt 0:00:41]} Rfe8 {[%emt 0:01:17]} 22. Rfd1 {[%emt 0:01:11]} Qc5 {[%emt 0:02:25]} 23. Rc1 {[%emt 0:01:12]} Qb4 {[%emt 0:02:57]} 24. Re2 {[%emt 0:00:20]} b5 {[%emt 0:02:26]} 25. c5 {[%emt 0:00:30]} Qf4 {[%emt 0:01:04]} 26. Qb3 {[%emt 0:00:39]} Nf6 {[%emt 0:01:21]} 27. Rd1 {[%emt 0:00:20]} Qc4 {[%emt 0:01:12]} 28. Qxc4 {[%emt 0:00:41]} bxc4 {[%emt 0:00:01]} 29. d6 {[%emt 0:00:36]} cxd6 {[%emt 0:01:19]} 30. cxd6 {[%emt 0:00:10]} Re6 {[%emt 0:02:22]} 31. Rxe5 {[%emt 0:00:26]} Rexd6 {[%emt 0:00:36]} 32. Rxd6 {[%emt 0:00:10]} Rxd6 {[%emt 0:00:04]} 33. Kf1 {[%emt 0:00:06]} h6 {[%emt 0:02:44]} 34. Ke2 {[%emt 0:00:24]} Rb6 {[%emt 0:01:18]} 35. Bc1 {[%emt 0:00:51]} Ra6 {[%emt 0:01:15]} 36. a3 {[%emt 0:00:05]} Nd7 {[%emt 0:03:33]} 37. Rd5 {[%emt 0:00:08]} Re6+ {[%emt 0:01:51]} 38. Kd2 {[%emt 0:00:54]} Nb6 {[%emt 0:00:14]} 39. Ra5 {[%emt 0:00:23]} c3+ {[%emt 0:00:48]} 40. Kd3 {[%emt 0:00:00]} Rd6+ {[%emt 0:00:00]} 41. Kc2 1/2-1/2

[Event "HUN-ch U8-U18 2019"]
[Site "Balatonlelle"]
[Date "2019.06.26"]
[Round "7.8"]
[White "Pasztor, Balazs"]
[Black "Gyenes, Mate"]
[Result "0-1"]
[WhiteElo "2215"]
[BlackElo "1823"]
[Annotator "TA"]
[PlyCount "64"]
[EventDate "2019.06.21"]
[EventType "swiss"]
[EventCountry "HUN"]
[SourceTitle "playchess.com"]
[Source "ChessBase"]
[SourceQuality "1"]

{[%evp 17,63,-8,-27,-22,-27,-12,-16,-41,-40,-41,-27,-60,-41,-41,-36,-35,0,4,11,4,109,88,131,117,90,54,48,7,60,56,72,68,80,64,34,-150,0,0,34,-67,75,-161,-156,-163,-155,-154,-146,-29999]} 1. e4 e6 2. d4 d5 3. e5 c5 4. c3 Nc6 5. Nf3 Qb6 6. a3 c4 7. Nbd2 Na5 8. g3 Bd7 9. h4 O-O-O 10. Bh3 {C02: French: Advance Variation} Kb8 (10... f5 11. exf6 gxf6 12. O-O Nh6 13. Re1 Nf5 14. Rb1 Bd6 15. Nf1 Rdg8 16. Ne3 Nxg3 17. fxg3 Rxg3+ {½-½ (38) Svidler,P (2727)-Fedoseev,V (2659) Berlin 2015}) 11. O-O h6 12. h5 {The position is equal.} Ne7 13. Nh4 Nc8 14. f4 Be7 15. Ndf3 $1 Nb3 16. Rb1 Rhg8 $146 ({Predecessor:} 16... Nxc1 17. Qxc1 Rhg8 {0-1 (28) Papa,S (2399)-Almasi,I (2425) Geneve 2004}) 17. f5 exf5 18. Nxf5 g6 (18... Bf8 $11 {remains equal.}) 19. Nxe7 $16 Nxe7 20. Bxd7 Rxd7 21. Bxh6 gxh5 22. Bf4 Ka8 (22... Ng6 $11 23. Bg5 Qe6) 23. Nh4 Rg4 24. Kh2 Ng6 $1 {[%cal Rg6h4]} 25. Ng2 {[#] Ne3 is the strong threat.} Nxf4 26. Nxf4 $2 (26. Rxf4 $14 {was the only good move.} Qg6 27. Nh4) 26... Qh6 (26... Rd8 $17 {Threatens to win with ...Rdg8.} 27. Qe2 Rdg8) 27. Qe2 $11 a5 28. Rbd1 (28. Rbe1 $14) 28... Qg5 {[#]} (28... Rd8 $15 {keeps the upper hand.} 29. e6 fxe6 30. Qxe6 Qh7) 29. e6 $2 (29. Nh3 $1 $16 {[%cal Rh3g5] stays on course.} Qg7 30. Qf2) 29... Rxg3 $19 {( -> ...Qh4+)} 30. Qxh5 fxe6 {Hoping for ...Rg2+!} 31. Qxg5 Rxg5 32. Nxe6 $2 {[%mdl 8192]} (32. Nh3 $17 Rh5 33. Rfe1) 32... Rh7# {Accuracy: White = 44%, Black = 34%.} 0-1

[Event "HUN-ch U8-U18 2019"]
[Site "Balatonlelle"]
[Date "2019.06.26"]
[Round "7.8"]
[White "Leszko, Bence"]
[Black "Fodor, Kornel"]
[Result "1/2-1/2"]
[WhiteElo "2135"]
[BlackElo "1926"]
[Annotator "TA"]
[PlyCount "90"]
[EventDate "2019.06.21"]
[EventType "swiss"]
[EventCountry "HUN"]
[SourceTitle "playchess.com"]
[Source "ChessBase"]
[SourceQuality "1"]

{[%evp 9,90,0,0,0,0,0,19,1,6,-8,2,0,6,0,0,0,5,3,2,-71,16,7,4,8,120,64,82,-69,-74,-74,-1,0,-7,0,0,-16,-3,-7,-5,-7,-6,-12,-13,-14,-20,-16,0,-15,-8,-11,-8,-15,0,0,0,0,0,-8,0,0,0,-192,-183,-177,0,0,0,0,0,0,0,0,0,0,0,0,0,0,0,0,0,0,0]} 1. e4 c5 2. Nf3 e6 3. b3 a6 4. Bb2 d5 5. exd5 exd5 6. d4 {B40: Sicilian: 2...e6, Unusual lines} Nf6 7. Bd3 Be7 8. h3 O-O 9. dxc5 $146 ({Predecessor:} 9. O-O Nc6 10. Re1 h6 11. Ba3 b6 12. dxc5 Bxc5 13. Bxc5 bxc5 {0-1 (22) Oral,T (2546)-Smirin,I (2698) Leon 2001}) 9... Bxc5 10. O-O Re8 11. Nbd2 Nc6 12. a3 Ne4 13. b4 Ba7 14. Nb3 (14. c4 $11) 14... Bb8 (14... h6 $17) 15. c4 $11 dxc4 16. Bxc4 Qc7 (16... Bf5 $11 {remains equal.}) 17. Re1 ({Better is} 17. Qd5 $16 {Hoping for Rae1.} Qd7 18. Rae1 Qxd5 19. Bxd5) 17... Ba7 18. Re2 $2 (18. Nc5 $16 Bf5 19. Nh4 Bxc5 20. bxc5) 18... Bxh3 $1 $15 19. Qd5 Qf4 ({Black should try} 19... Re6 $17 {White must now prevent ...Qg3!} 20. Nbd4 (20. Rxe4 $2 Qg3 $19 {[%mdl 64] Double Attack}) 20... Bxd4 21. Nxd4 Rg6 $1 {[%mdl 512]}) 20. Qxf7+ $1 $11 Qxf7 21. Bxf7+ Kxf7 22. gxh3 {And now Rxe4! would win.} Kg8 (22... Ng3 {with more complications.} 23. Rd2 Re7 24. Re1 Rxe1+ 25. Nxe1 Rd8) 23. Rae1 $132 {[%mdl 2048] White has counterplay} Nd6 24. Rxe8+ Rxe8 25. Rxe8+ Nxe8 26. Ne5 Nxe5 27. Bxe5 {[%mdl 4096] Endgame KBN-KBN} Bb6 28. Kf1 Kf7 29. Ke2 Ke6 30. f4 g6 31. Kd3 Nd6 32. Bxd6 Kxd6 {KB-KN} 33. Ke4 $1 Kc6 {Threatens to win with ...Kb5.} 34. a4 $1 Bd8 35. Nc1 $2 {[#]} (35. Nd4+ $11 {and White is okay.} Kd7 36. f5) 35... b5 $1 $19 36. a5 {[#]} Be7 $2 (36... Bf6 $1 $19 37. Ne2 Kd7) 37. Nd3 $11 {The position is equal.} Bd6 38. Kd4 Bf8 {Threatening ...Bg7+.} 39. Ke5 Bg7+ 40. Ke6 Bc3 41. Ne5+ Kc7 (41... Kb7 $5 42. Nd3 $8 Kc6 $11) 42. Nd3 Kc6 43. h4 Bd2 44. Ne5+ Kc7 (44... Kb7 $5 45. Nd3 $8 Kc6 $11) 45. Nd3 Kc6 {Accuracy: White = 62%, Black = 47%.} 1/2-1/2

[Event "HUN-ch U8-U18 2019"]
[Site "Balatonlelle"]
[Date "2019.06.26"]
[Round "7.9"]
[White "Pasti, Aron"]
[Black "Csidey, Csongor"]
[Result "1-0"]
[WhiteElo "2193"]
[BlackElo "1708"]
[Annotator "TA"]
[PlyCount "77"]
[EventDate "2019.06.21"]
[EventType "swiss"]
[EventCountry "HUN"]
[SourceTitle "playchess.com"]
[Source "ChessBase"]
[SourceQuality "1"]

{[%evp 11,77,33,53,6,3,10,5,2,8,15,16,-28,-24,-41,4,-2,22,15,39,33,41,0,0,-233,-232,-223,-233,-234,-249,-262,-277,-262,-251,-307,-139,-222,-70,-75,-106,-326,-218,-229,-199,-204,-63,-55,0,-49,-42,-37,-41,-268,-247,-264,-262,-253,-237,-489,-478,-429,-394,-310,-45,-44,29996,29997,29997,29998]} 1. e4 c5 2. Nf3 g6 3. c4 Nc6 4. d4 cxd4 5. Nxd4 Bg7 6. Be3 Nh6 7. f3 {B38: Sicilian: Maroczy Bind with 5...Bg7 and 7...0-0} (7. Nc3 O-O 8. Be2 f5 9. exf5 Bxd4 10. Bxh6 Rxf5 11. O-O d6 12. Qd2 Qa5 13. Be3 Qe5 14. Bxd4 Qxd4 15. Rad1 Qxd2 16. Rxd2 Be6 17. f4 Raf8 18. g3 Bc8 19. b3 Kg7 {1-0 (33) Wen,Y (2608)-Gholami,A (2489) Moscow 2018}) 7... Qb6 {[%cal Rc6d4]} 8. Nf5 $1 {[%cal Rf5g7]} Qxb2 9. Nxg7+ {The position is equal.} Qxg7 10. Nd2 O-O $146 ({Predecessor:} 10... f5 11. Be2 fxe4 12. Nxe4 Nf5 13. Bd2 Qd4 14. Qc1 O-O {1-0 (31) Vozinaki,A (1837)-Grafakou,S (1695) Achaia 2017}) 11. Be2 f5 12. O-O fxe4 13. Nxe4 Nf5 14. Bf2 Nfd4 15. c5 $1 b6 16. cxb6 axb6 17. Rb1 $2 (17. a4 $11 {and White has nothing to worry.}) 17... Nxe2+ $19 18. Qxe2 Ba6 {[%mdl 64] Skewer} 19. Qd2 Bxf1 20. Qxd7 Bxg2 ({Don't do} 20... Rxa2 21. Qxc6 Ba6 22. Qxb6 $17) 21. Kxg2 Ne5 ({Inferior is} 21... Rxa2 22. Qxc6 Qf7 23. Qc3 $14) 22. Qd5+ Nf7 (22... Kh8 $19 23. Bd4 Rad8 24. Qxe5 Rxd4 25. Qxg7+ Kxg7 26. Rxb6 Rd3) 23. Rb5 {[#]} (23. Bd4 $17 Qh6 24. Qb3) 23... Ra5 $1 24. Rxa5 $15 bxa5 25. Bg3 $2 (25. Bd4 $17 Qh6 26. Qe6) 25... h6 26. Qe6 g5 27. Qxe7 Qb2+ (27... Nh8 $1 $19 28. Qe6+ Qf7 29. Qxf7+ Kxf7) 28. Kh3 $1 {Threatens to win with Nf6+.} Qg7 (28... g4+ $1 $15 29. Kh4 Qg7) 29. Qe6 Kh7 30. Nf6+ Kh8 {Hoping for ...g4+!} 31. Ng4 $2 {[#]} (31. Ne4 $1 $15) 31... h5 $1 $19 {[%cal Rh5g4]} 32. Ne5 {[#]} g4+ $1 33. Kg2 {Threatening Ng6+.} (33. fxg4 Ng5+) 33... gxf3+ 34. Kf1 $2 (34. Nxf3 Ng5 35. Nxg5 Qxg5 36. Qe4) 34... Kh7 35. Qf5+ Kg8 {White must now prevent ...h4!} 36. Nd7 {[#]} Qa1+ $2 (36... h4 $1 $19 {[%cal Rh4g3]} 37. Nxf8 (37. Bxh4 Qg2+) 37... hxg3 38. hxg3 Qa1+ 39. Kf2 Qxa2+ 40. Kxf3 Kxf8 41. Qc5+ Ke8 42. Qb5+ Kd8 43. Qb6+ Ke8 44. Qb8+ Ke7 45. Qa7+ Ke6 46. Qa6+ Nd6 47. Qe2+ Qxe2+ 48. Kxe2 Ne4) 37. Be1 $15 {Black should prevent Qg6+.} Qxa2 $2 {[%mdl 8192]} (37... Rd8 $15 38. Qg6+ Qg7 39. Nf6+ Kh8 40. Qxh5+ Qh6 41. Qxf3 Rc8) 38. Qg6+ Kh8 39. Bc3+ {Accuracy: White = 37%, Black = 29%.} 1-0

[Event "HUN-ch U8-U18 2019"]
[Site "Balatonlelle"]
[Date "2019.06.26"]
[Round "7.9"]
[White "Kratzmajer, Akos Gyorgy"]
[Black "Papp, Bence"]
[Result "0-1"]
[WhiteElo "2048"]
[BlackElo "2094"]
[Annotator "NA RC"]
[PlyCount "80"]
[EventDate "2019.06.21"]
[EventType "swiss"]
[EventCountry "HUN"]
[SourceTitle "playchess.com"]
[Source "ChessBase"]
[SourceQuality "1"]
[TimeControl "40/5400+30:1800+30"]

1. e4 {[%emt 0:00:14]} d5 {[%emt 0:00:05]} 2. exd5 {[%emt 0:00:06]} Qxd5 {[%emt 0:00:04]} 3. Nc3 {[%emt 0:00:07]} Qd6 {[%emt 0:00:04]} 4. d4 {[%emt 0:00:12]} Nf6 {[%emt 0:00:03]} 5. Nf3 {[%emt 0:00:05]} a6 {[%emt 0:00:05]} 6. Bd3 {[%emt 0:00:03]} Bg4 {[%emt 0:00:14]} 7. h3 {[%emt 0:00:05]} Bh5 {[%emt 0:03:02]} 8. O-O {[%emt 0:00:07]} c6 {[%emt 0:02:01]} 9. Ne4 {[%emt 0:07:13]} Nxe4 {[%emt 0:00:07]} 10. Bxe4 {[%emt 0:00:05]} Nd7 {[%emt 0:00:16]} 11. c3 {[%emt 0:02:15]} e6 {[%emt 0:00:16]} 12. Qb3 {[%emt 0:02:13]} Qc7 {[%emt 0:00:26]} 13. Re1 {[%emt 0:08:51]} Be7 {[%emt 0:00:37]} 14. Ne5 {[%emt 0:12:15]} Nxe5 {[%emt 0:02:54]} 15. dxe5 {[%emt 0:07:13]} O-O {[%emt 0:00:34]} 16. Qc2 {[%emt 0:05:04]} Bg6 {[%emt 0:00:25]} 17. Bxg6 {[%emt 0:00:07]} hxg6 {[%emt 0:00:12]} 18. Qe4 {[%emt 0:01:14]} Rfd8 {[%emt 0:03:06]} 19. Qg4 {[%emt 0:21:03]} Rd5 {[%emt 0:02:47]} 20. Bf4 {[%emt 0:00:42]} Qb6 {[%emt 0:05:29]} 21. b4 {[%emt 0:03:07]} c5 {[%emt 0:07:33]} 22. Rab1 {[%emt 0:03:31]} cxb4 {[%emt 0:01:06]} 23. cxb4 {[%emt 0:00:05]} Rc8 {[%emt 0:01:56]} 24. Be3 {[%emt 0:01:45]} Qb5 {[%emt 0:01:15]} 25. f4 {[%emt 0:02:55]} Rc4 {[%emt 0:02:37]} 26. Qe2 {[%emt 0:10:28]} Rxb4 {[%emt 0:13:17]} 27. Qxb5 {[%emt 0:01:12]} Rbxb5 {[%emt 0:08:53]} 28. Rxb5 {[%emt 0:00:54]} Rxb5 {[%emt 0:00:44]} 29. Rc1 {[%emt 0:00:07]} g5 {[%emt 0:00:19]} 30. Rc8+ {[%emt 0:03:48]} Kh7 {[%emt 0:00:18]} 31. Rc7 {[%emt 0:00:08]} gxf4 {[%emt 0:00:21]} 32. Bxf4 {[%emt 0:00:01]} Bc5+ {[%emt 0:00:16]} 33. Kh2 {[%emt 0:01:06]} Kg6 {[%emt 0:00:05]} 34. a4 {[%emt 0:00:13]} Bb6 {[%emt 0:02:18]} 35. Rd7 {[%emt 0:04:57]} Rb4 {[%emt 0:00:48]} 36. Bg3 {[%emt 0:01:34]} Bd4 {[%emt 0:02:46]} 37. h4 {[%emt 0:00:12]} f6 {[%emt 0:02:49]} 38. h5+ {[%emt 0:00:35]} Kxh5 {[%emt 0:01:36]} 39. Rxg7 {[%emt 0:00:18]} Bxe5 {[%emt 0:00:43]} 40. Bxe5 {[%emt 0:00:00]} fxe5 {[%emt 0:00:00]} 0-1

[Event "HUN-ch U8-U18 2019"]
[Site "Balatonlelle"]
[Date "2019.06.26"]
[Round "7.10"]
[White "Fule, Simon"]
[Black "Gyurika, Tamas"]
[Result "1-0"]
[WhiteElo "2148"]
[BlackElo "1643"]
[Annotator "TA"]
[PlyCount "83"]
[EventDate "2019.06.21"]
[EventType "swiss"]
[EventCountry "HUN"]
[SourceTitle "playchess.com"]
[Source "ChessBase"]
[SourceQuality "1"]

{[%evp 12,83,47,46,52,34,48,34,35,41,108,31,50,32,77,59,68,74,106,33,33,31,31,31,38,41,47,31,29,31,32,37,196,196,310,311,294,289,586,583,543,558,638,636,724,635,616,610,779,779,735,598,789,0,715,647,680,663,708,646,637,631,706,701,688,688,729,703,666,662,832,808,29992,29991]} 1. e4 e5 2. Nf3 Nc6 3. Bb5 a6 4. Ba4 d6 5. O-O Nf6 6. c3 Bd7 7. Re1 Ne7 {C66: Ruy Lopez: Steinitz Defence} (7... Be7 8. h3 O-O 9. d4 Re8 10. Nbd2 Bf8 11. a3 g6 12. Bc2 Bg7 13. Nf1 Nh5 14. Be3 h6 15. Qd2 g5 16. Ng3 Nf4 17. Nf5 Bxf5 18. exf5 {1-0 (70) Zhigalko,S (2641)-Safarli,E (2639) Riadh 2017}) 8. Bb3 h6 9. d4 Ng6 {White is slightly better.} 10. Nbd2 Be7 (10... b5 $14) 11. Nf1 (11. dxe5 $16 dxe5 12. Nc4) 11... O-O $14 12. Ng3 Kh8 $146 ({Predecessor:} 12... Bg4 13. h3 Be6 14. Bxe6 fxe6 15. Qb3 {1-0 (34) Moerwald,M (1505)-Sakic,B (1191) St Veit 2017}) 13. h3 Nh7 14. Be3 Ng5 15. Bc2 ({Better is} 15. dxe5 $16 {Nxg5 is the strong threat.} Nxf3+ 16. Qxf3) 15... Nxf3+ 16. Qxf3 Bg5 17. Rad1 Bxe3 18. Rxe3 Nh4 19. Qh5 Ng6 20. Nf5 {[#] aiming for dxe5.} Nf4 21. Qf3 Qg5 $2 (21... Qf6 $14) 22. dxe5 $18 {Black must now prevent h4.} Bxf5 (22... g6 {was necessary.}) 23. exf5 dxe5 24. Rxe5 Rfe8 $2 (24... Ng6 {was worth a try.}) 25. h4 {[%mdl 64] [#] Decoy} Qxh4 26. g3 {[%mdl 64] Double Attack} Nh3+ 27. Kg2 Qc4 28. Rxe8+ Rxe8 29. Kxh3 Qxa2 30. Qxb7 Qc4 31. Qf3 Qa2 32. Qb7 Qc4 33. Bd3 Qc5 34. Qf3 Rb8 35. Rd2 Qd6 36. Re2 Rd8 37. Bc4 Qf6 38. Kg2 Kh7 39. Qe4 a5 40. f3 Rd1 41. Qe7 Qb6 42. Bxf7 {Accuracy: White = 65%, Black = 28%.} 1-0